Handbook of Reliability Engineering and Management (Record no. 23762)
[ view plain ]
| 000 -LEADER | |
|---|---|
| fixed length control field | 00334nam a22001097a 4500 |
| 003 - CONTROL NUMBER IDENTIFIER | |
| control field | Nust |
| 005 - DATE AND TIME OF LATEST TRANSACTION | |
| control field | 20170525113112.0 |
| 008 - FIXED-LENGTH DATA ELEMENTS--GENERAL INFORMATION | |
| fixed length control field | 140106b xxu||||| |||| 00| 0 eng d |
| 010 ## - LIBRARY OF CONGRESS CONTROL NUMBER | |
| LC control number | 95-43962 |
| 020 ## - INTERNATIONAL STANDARD BOOK NUMBER | |
| International Standard Book Number | 0070127506 |
| Terms of availability | Available |
| 040 ## - CATALOGING SOURCE | |
| Transcribing agency | DLC |
| Original cataloging agency | DLC |
| Language of cataloging | RCMS |
| 082 ## - DEWEY DECIMAL CLASSIFICATION NUMBER | |
| Edition number | 2nd, ed. |
| Classification number | 620.0042 IRE |
| Author Mark | 002517 |
| 100 ## - MAIN ENTRY--PERSONAL NAME | |
| Personal name | W. Grant Ireson |
| 9 (RLIN) | 1404 |
| 245 ## - TITLE STATEMENT | |
| Title | Handbook of Reliability Engineering and Management |
| 250 ## - EDITION STATEMENT | |
| Edition statement | 2nd, ed. |
| 260 ## - PUBLICATION, DISTRIBUTION, ETC. | |
| Place of publication, distribution, etc. | USA |
| Name of publisher, distributor, etc. | McGraw-Hill |
| Date of publication, distribution, etc. | c1996. |
| 300 ## - PHYSICAL DESCRIPTION | |
| Extent | xvi, 816 p. : |
| Other physical details | ill, ; |
| Dimensions | 26 cm. |
| 538 ## - SYSTEM DETAILS NOTE | |
| Display text | Shelf # 12, Row # 2, System Engineering |
| 650 ## - SUBJECT ADDED ENTRY--TOPICAL TERM | |
| Topical term or geographic name entry element | System Engineering |
| 9 (RLIN) | 1402 |
| 856 ## - ELECTRONIC LOCATION AND ACCESS | |
| Materials specified | Table of Contents Only. |
| 942 ## - ADDED ENTRY ELEMENTS (KOHA) | |
| Source of classification or shelving scheme | |
| Koha item type | Book |
| Call number prefix | 620.0042 IRE |
| Withdrawn status | Lost status | Source of classification or shelving scheme | Damaged status | Not for loan | Permanent Location | Current Location | Shelving location | Date acquired | Full call number | Barcode | Date last seen | Price effective from | Koha item type |
|---|---|---|---|---|---|---|---|---|---|---|---|---|---|
| Central Library (CL) | Central Library (CL) | General Stacks | 09/03/2014 | 620.00452IRE | RCMS002517 | 09/03/2014 | 09/03/2014 | Reference |
